Európsky a národný právny rámec vezhraničnej kooperácie bankového dohľadu (s osobitosťami reorganizácie bánk)

Národný právny základ kooperácie bankového dohľadu NBS, európsky prány základ kooperácie bankových dohľadov v členských krajinách EÚ ako aj tretích štátov.

Enregistré dans:
Détails bibliographiques
Auteur principal: Čunderlík, Ľubomír
Format: Chapitre de livre
Langue:slovaque
Sujets:
Tags: Ajouter un tag
Pas de tags, Soyez le premier à ajouter un tag!

MARC

LEADER 00000naa a2200000 4500
001 0226144
005 20221019163051.0
041 0 |a slo 
044 |a SK 
245 1 0 |a Európsky a národný právny rámec vezhraničnej kooperácie bankového dohľadu  |b (s osobitosťami reorganizácie bánk)  |c Ľubomír Čunderlík 
520 |a Národný právny základ kooperácie bankového dohľadu NBS, európsky prány základ kooperácie bankových dohľadov v členských krajinách EÚ ako aj tretích štátov. 
610 2 0 |a kooperácia 
610 2 0 |a reorganizácia finančná 
610 2 0 |a banky centrálne 
610 2 0 |a Európska únia 
610 2 0 |a dohľad bankový 
100 1 |a Čunderlík, Ľubomír